Statistics for 2013 BBC Sports Personality of the Year Award

Click here to take the quiz!

General Stats

  • This quiz has been taken 9 times
  • The average score is 5 of 10

Answer Stats

PositionSportSportsperson% Correct
1stTennisAndy Murray
100%
3rdHorse racingAP McCoy
67%
6thCyclingChris Froome
56%
4thAthleticsMo Farah
56%
5thSailingSir Ben Ainslie
56%
9thGolfJustin Rose
44%
10thCricketIan Bell
33%
2ndRugby unionLeigh Halfpenny
33%
7thAthleticsHannah Cockroft
22%
8thAthleticsChristine Ohuruogu
11%

Score Distribution

Percentile by Number Answered

Percent of People with Each Score

Your Score History

You have not taken this quiz